| 000 | 01134cam a22002771 4500 | ||
|---|---|---|---|
| 001 | 1404 | ||
| 005 | 20240131154908.0 | ||
| 020 | _a9780807593660 | ||
| 040 |
_aDLC _cDLC _dDLC _dOCoLC _dDLC _beng |
||
| 050 | 0 | 0 |
_aPZ7.W244 _bYe |
| 100 |
_aWarner, Gertrude Chandler _d1890-1979. |
||
| 245 | 4 |
_aThe yellow house mystery _cWarner, Gertrude Chandler |
|
| 260 |
_bAlbert Whitman & Company : _c1953 _aMorton Grove , |
||
| 300 |
_a191 pages : _billustrations ; _c20 cm |
||
| 490 |
_aThe boxcar children _vBook 3 |
||
| 505 | _aO | ||
| 520 | _aRelates the exploits of the four Alden children as they locate a missing man. The Boxcar children are determined to solve the mystery that surrounds an old yellow house on their grandfather's property. Strange things have happened in that house where long ago a man disappeared. | ||
| 521 |
_a620
_bLexile |
||
| 521 |
_aO
_bRaz-Plus |
||
| 650 | 0 | _vJuvenile fiction. | |
| 650 | 0 |
_aOrphans _vJuvenile fiction. |
|
| 650 | 0 |
_aFamilies _vJuvenile fiction. |
|
| 655 | 7 |
_aDetective and mystery stories. _2gsafd |
|
| 906 |
_a7 _bcbc _corignew _du _eocip _f19 _gy-gencatlg |
||
| 942 |
_2ddc _cBK _n0 |
||
| 999 |
_c1404 _d1404 |
||